Państwa założycielskie NATO - nagła śmierć - Statystyki

Ogólne statystyki
  • Ten quiz został rozwiązany 77 razy
  • Średni wynik to 5 z 12
Answers on the Grid
Answers color-coded by a green-red scale on the quiz's grid according to % correct below.
Belgia
Dania
Francja
Islandia
Kanada
Luksemburg
Norwegia
Portugalia
USA
Wielka Brytania
Włochy
Niderlandy
Hiszpania
Polska
RFN
Szwajcaria
Irlandia
Austria
Szwecja
Turcja
Grecja
Jugosławia
Czechosłowacja
Finlandia
 
Statystyki odpowiedzi
Odpowiedź % Poprawnych
USA
81%
Wielka Brytania
68%
Belgia
48%
Francja
48%
Kanada
45%
Włochy
45%
Luksemburg
39%
Niderlandy
35%
Norwegia
26%
Dania
23%
Islandia
6%
Portugalia
6%
Nie znaleziono quizów pasujących do podanych kryteriów
Rozkład punktacji
Procent ludzi z każdym wynikiem
Percentyl według liczby udzielonych odpowiedzi
Twoja historia wyników
Nie rozwiązałeś tego quizu